Statistics for Pronunciation of Chinese Numbers (0-10)

Click here to take the quiz!

General Stats

  • This quiz has been taken 64 times
  • The average score is 8 of 11

Answer Stats

EnglishChinese Number (Pronunciation)% Correct
One
97%
ThreeSān
94%
TwoÉr
91%
Four
85%
Five
82%
SixLiû
73%
SevenQi
70%
TenShî
64%
ZeroLîng
61%
NineJíu
55%
EightBà (Pa)
3%

Score Distribution

Percentile by Number Answered

Percent of People with Each Score

Your Score History

You have not taken this quiz